Sinuhé, el egipcio / Mika Waltari ; versión castellana de Manuel Bosch Barret

-д хадгалсан:
Номзүйн дэлгэрэнгүй
Үндсэн зохиолч: Waltari, Mika (autor)
Бусад зохиолчид: I.Bosch Barrett, Manuel, tr. (autor) (autor)
Формат: Ном
Цуврал:La obra inolvidable
Нөхцлүүд:
Шошгууд: Шошго нэмэх
Шошго байхгүй, Энэхүү баримтыг шошголох эхний хүн болох!

MARC

LEADER 00000nam^a2200000^u^4500
001 000544222
005 20250521000000.0
008 060220s1000^^^^^^^^^^^^r^^^^^000^0^spa^d
009 20260310131322.821
035 |a FMI 000013331 
037 |a Acervo Xavier Clavigero 
096 |a 9.1.1/199/B 
100 |a Waltari, Mika  |e (autor) 
245 1 0 |a Sinuhé, el egipcio / Mika Waltari ; versión castellana de Manuel Bosch Barret 
264 |a México : Plaza & Janés 
300 |a 635 p. 
336 |a texto  |b txt  |2 rdacontenido 
337 |a sin mediación  |b n  |2 rdamedio 
338 |a volumen  |b nc  |2 rdasoporte 
440 3 |a La obra inolvidable 
597 |a Traducción de: Sinuhe egyptiläinen 
649 |a XX 
650 |a Novela 
700 |a I.Bosch Barrett, Manuel, tr.  |e (autor) 
910 |a Fondo Francisco Migoya Covarrubias S.J. 
920 |a Impresos - Libros 
930 |a Fondos Especiales 
905 |a 134 
901 |a SBC17846  |b IT2  |c ESP  |u 20250521 
902 |a https://opac.biblio.iteso.mx/vufind/Record/000544222